| 000 | 00378 a2200157 4500 | ||
|---|---|---|---|
| 020 | _a9695190839 | ||
| 082 | _a297 | ||
| 090 |
_c6062 _d6062 |
||
| 100 | _aMurata and Chittick. | ||
| 245 |
_aThe Vision of Islam. _cMurata and Chittick. |
||
| 250 | _a2nd. | ||
| 260 |
_aLahore. _bSuhail Academy. _c2005. |
||
| 300 | _a368p. | ||
| 500 | _aHardcover. | ||
| 942 |
_aNBS _cBK _k297 MUR |
||
| 999 |
_c348449 _d348449 |
||